Statystyki dla Zawodnicy Apatora Toruń w XXI wieku

Kliknij tutaj aby rozwiązać quiz!

Ogólne statystyki

  • Ten quiz został rozwiązany 18 razy
  • Średni wynik to 27 z 88

Statystyki odpowiedzi

HintOdpowiedź% Poprawnych
POLPaweł Przedpełski
92%
POLDudek
75%
USAHancock
75%
POLAffelt
67%
ANGLIALambert
67%
POLLampart
67%
POLLewandowski
67%
POLMiedzinski
67%
AUSTRALIAChris Holder
58%
POLFajfer
58%
AUSTRALIAJack Holder
58%
ROSJASajfutdinow
58%
AUSTRALIADoyle
50%
POLGollob
50%
POLHolta
50%
DANIAIversen
50%
DANIAJepsen Jensen
50%
SZWECJAJonsson
50%
ROSJAKułakow
50%
ROSJAŁaguta
50%
AUSTRALIASullivan
50%
SŁOWACJAVaculik
50%
AUSTRALIAWard
50%
SŁOWENIAZagar
50%
POLEmil Pulczynski
42%
POLKamil Pulczynski
42%
POLKościecha
42%
CZECHYKus
42%
POLŁukasz Przedpełski
42%
NIEMCYSmolinski
42%
POLWiesław Jaguś
42%
POLZąbik
42%
POLŹupiński
42%
POLBrzozowski
33%
AUSTRALIACrump
33%
POLCzerwinski
33%
CZECHYDryml
33%
POLGomólski
33%
POLKopeć-Sobczyński
33%
POLMarcin Jaguś
33%
POLMusielak
33%
DANIAPedersen
33%
POLProtasiewicz
33%
POLWalasek
33%
POLBajerski
25%
POLChrzanowski
25%
POLKaczmarek
25%
POLKościuch
25%
POLKowalik
25%
POLKrakowiak
25%
SZWECJARickardsson
25%
POLRydlewski
25%
POLSawina
25%
ANGLIASmith
25%
POLZielinski
25%
DANIAAndersen
17%
POLCelmer
17%
POLKalwasinski
17%
SZWECJAKarlsson
17%
POLKoscielski
17%
POLKrzyżanowski
17%
POLKsiezak
17%
POLMarciniec
17%
POLMarcinkowski
17%
POLPuszakowski
17%
POLSłaboń
17%
ANGLIAStead
17%
SZWECJAAndersson
8%
POLBogdanowicz
8%
SZWECJADanno
8%
DANIAHandberg
8%
AUSTRALIAJohnstone
8%
ANGLIAKennet
8%
POLKłos
8%
POLLampkowski
8%
POLMroczka
8%
POLNizgorski
8%
POLStolp
8%
SZWECJATornqvist
8%
POLTurowski
8%
POLAdam Wisniewski
0%
POLMichnicki
0%
POLPawlikowski
0%
POLPietrzykowski
0%
POLStachowiak
0%
POLTomasz Wisniewski
0%
POLWalczak
0%
POLWolender
0%

Rozkład punktacji

Percentyl według liczby udzielonych odpowiedzi

Procent ludzi z każdym wynikiem

Twoja historia wyników

Nie rozwiązałeś tego quizu